banner koha

Distribuição de partos de búfalas criadas em sistema produtivo de pastagem artificial e várzea na região Amazônica (Registro n. 177648)

MARC details
000 -LÍDER
campo de controle de tamanho fixo 00949nas a2200301 4500
001 - NÚMERO DE CONTROLE
campo de controle BR0400740
003 - IDENTIFICADOR DO NÚMERO DE CONTROLE
campo de controle BR-BrBNA
005 - DATA E HORÁRIO DA ÚLTIMA TRANSAÇÃO
campo de controle 20231205104335.0
007 - CAMPO FIXO DE DESCRIÇÃO FÍSICA--INFORMAÇÃO GERAL
campo de controle de tamanho fixo ta
008 - CAMPO DE DADOS FIXOS--INFORMAÇÃO GERAL
campo de controle de tamanho fixo 230509b bl.|||p| |||| 00| 00por d
040 ## - FONTE DA CATALOGAÇÃO
Instituição da catalogação original BR-BrBNA
Idioma da catalogação por
Instituição que transcreveu o registro Biblioteca Nacional de Agricultura
041 ## - CÓDIGO DE IDIOMA
Código do idioma do texto/trilha sonora ou título diferente (Pt)
072 ## - CÓDIGO DE CATEGORIA DE ASSUNTO
Código de Categoria de Assunto L01; L53
100 1# - ENTRADA PRINCIPAL--NOME PESSOAL
Nome pessoal Brunetta, G.A.M.
100 1# - ENTRADA PRINCIPAL--NOME PESSOAL
Nome pessoal Ribeiro, H.F.L.
100 1# - ENTRADA PRINCIPAL--NOME PESSOAL
Nome pessoal Camelo, A.S.A.
100 1# - ENTRADA PRINCIPAL--NOME PESSOAL
Nome pessoal Vale, G.W.
100 1# - ENTRADA PRINCIPAL--NOME PESSOAL
Nome pessoal Silva Conceição, J.C.
245 1# - TÍTULO
Título Distribuição de partos de búfalas criadas em sistema produtivo de pastagem artificial e várzea na região Amazônica
650 ## - ASSUNTO--TERMO TÓPICO
Cabeçalho tópico ou nome geográfico BÚFALO
650 ## - ASSUNTO--TERMO TÓPICO
Cabeçalho tópico ou nome geográfico PARTO
650 ## - ASSUNTO--TERMO TÓPICO
Cabeçalho tópico ou nome geográfico EFICIÊNCIA REPRODUTIVA
650 ## - ASSUNTO--TERMO TÓPICO
Cabeçalho tópico ou nome geográfico VÁRZEA
650 ## - ASSUNTO--TERMO TÓPICO
Cabeçalho tópico ou nome geográfico AMAZÔNIA
773 0# - ENTRADA ANALÍTICA
Título Revista Brasileira de Reprodução Animal (Brazil)
ISSN - International Standard Serial Number ISSN 0102-0803
Partes relacionadas (Abr-Jun 2003), v. 27(2) p. 245-247
Número de controle do registro BR0400740
909 ## -
-- 202311
-- Lúcia
-- 55
-- Lúcia Elande
942 ## - ELEMENTOS DE ENTRADA ADICIONADOS (KOHA)
Fonte da classificação ou esquema de arquivamento na estante Classificação AGRIS
Ocultar no OPAC Não
Tipo de material Koha Analítica
Exemplares
Situação do descarte Fonte da classificação ou esquema de arquivamento na estante Situação física Não pode ser emprestado Biblioteca de origem Biblioteca atual Localização na estante Enumeração do periódico / cronologia Total de empréstimos Data de último acesso Número do exemplar Tipo de material Koha Fonte de aquisição
  Classificação AGRIS   Consulta local Biblioteca Nacional de Agricultura - Binagri Biblioteca Nacional de Agricultura - Binagri   (Abr-Jun 2003), v. 27(2) p. 245-247   29/11/2023 01 Periódicos Portaria Interministerial nº 164/94

BINAGRI

Telefone: (61)3218-2567/2388/3357/2097 - binagri@agro.gov.br

Ministério da Agricultura e Pecuária , Esplanada dos Ministérios, Bloco D, Anexo B, Brasília/DF, CEP: 70.043-900